The Treble V : (Запис № 559352)
[ простий вигляд ]
| 000 -LEADER | |
|---|---|
| fixed length control field | 01268cam a2200301Ia 4500 |
| 001 - CONTROL NUMBER | |
| control field | treblevlegacyofc00gray |
| 003 - CONTROL NUMBER IDENTIFIER | |
| control field | CaSfIA |
| 005 - DATE AND TIME OF LATEST TRANSACTION | |
| control field | 20210119104009.0 |
| 007 - PHYSICAL DESCRIPTION FIXED FIELD--GENERAL INFORMATION | |
| fixed length control field | cr|||| |
| 008 - FIXED-LENGTH DATA ELEMENTS--GENERAL INFORMATION | |
| fixed length control field | 870121s1986 nyu 000 1 eng d |
| 010 ## - LIBRARY OF CONGRESS CONTROL NUMBER | |
| LC control number | 85090259 |
| 040 ## - CATALOGING SOURCE | |
| Original cataloging agency | NVC |
| Transcribing agency | NVC |
| Modifying agency | OCL |
| -- | OCLCQ |
| -- | YDXCP |
| -- | CaSfIA |
| 020 ## - INTERNATIONAL STANDARD BOOK NUMBER | |
| International Standard Book Number | 0533067596 |
| 020 ## - INTERNATIONAL STANDARD BOOK NUMBER | |
| International Standard Book Number | 9780533067596 |
| 035 ## - SYSTEM CONTROL NUMBER | |
| System control number | (OCoLC)15096463 |
| 043 ## - GEOGRAPHIC AREA CODE | |
| Geographic area code | n-us-nv |
| 050 #4 - LIBRARY OF CONGRESS CALL NUMBER | |
| Classification number | PS3568.R3 |
| Item number | T7 |
| 100 1# - MAIN ENTRY--PERSONAL NAME | |
| Personal name | Gray, R. Guild. |
| 245 14 - TITLE STATEMENT | |
| Title | The Treble V : |
| Medium | [electronic resource] |
| Remainder of title | the legacy of a cattle baron of the old West / |
| Statement of responsibility, etc | by R. Guild Gray. |
| 260 ## - PUBLICATION, DISTRIBUTION, ETC. (IMPRINT) | |
| Place of publication, distribution, etc | New York : |
| Name of publisher, distributor, etc | Vantage, |
| Date of publication, distribution, etc | 1968. |
| 300 ## - PHYSICAL DESCRIPTION | |
| Extent | x, 669 ; |
| Dimensions | 24 cm. |
| 506 ## - RESTRICTIONS ON ACCESS NOTE | |
| Standardized terminology for access restriction | Необхідна авторизація на https://archive.org/ (створення облікового запису безкоштовно) |
| 506 ## - RESTRICTIONS ON ACCESS NOTE | |
| Standardized terminology for access restriction | Необхідна авторизація на https://openlibrary.org/ (створення облікового запису безкоштовно) |
| 651 #0 - SUBJECT ADDED ENTRY--GEOGRAPHIC NAME | |
| Geographic name | Nevada |
| Form subdivision | Fiction. |
| 856 41 - ELECTRONIC LOCATION AND ACCESS | |
| Uniform Resource Identifier | <a href="http://www.archive.org/details/treblevlegacyofc00gray">http://www.archive.org/details/treblevlegacyofc00gray</a> |
| Public note | Free eBook from the Internet Archive |
| 856 42 - ELECTRONIC LOCATION AND ACCESS | |
| Uniform Resource Identifier | <a href="http://www.openlibrary.org/books/OL24381927M">http://www.openlibrary.org/books/OL24381927M</a> |
| Public note | Additional information and access via Open Library |
| 942 ## - ADDED ENTRY ELEMENTS (KOHA) | |
| Koha item type | ЕКнига |
Немає доступних примірників.